Mistrzowie La Liga - piłka nożna - Statystyki

Ogólne statystyki
  • Ten quiz został rozwiązany 17 906 razy
    13 790 od ostatniego zresetowania
  • Średni wynik to 85 z 92
Statystyki odpowiedzi
Sezon Mistrz % Poprawnych
28/29 FC Barcelona
100%
44/45 FC Barcelona
100%
47/48 FC Barcelona
100%
48/49 FC Barcelona
100%
51/52 FC Barcelona
100%
52/53 FC Barcelona
100%
58/59 FC Barcelona
100%
59/60 FC Barcelona
100%
73/74 FC Barcelona
100%
84/84 FC Barcelona
100%
90/91 FC Barcelona
100%
91/92 FC Barcelona
100%
92/93 FC Barcelona
100%
93/94 FC Barcelona
100%
97/98 FC Barcelona
100%
98/99 FC Barcelona
100%
04/05 FC Barcelona
100%
05/06 FC Barcelona
100%
08/09 FC Barcelona
100%
09/10 FC Barcelona
100%
10/11 FC Barcelona
100%
12/13 FC Barcelona
100%
14/15 FC Barcelona
100%
15/16 FC Barcelona
100%
17/18 FC Barcelona
100%
18/19 FC Barcelona
100%
22/23 FC Barcelona
100%
31/32 Real Madryt
99%
32/33 Real Madryt
99%
53/54 Real Madryt
99%
54/55 Real Madryt
99%
56/57 Real Madryt
99%
57/58 Real Madryt
99%
60/61 Real Madryt
99%
61/62 Real Madryt
99%
62/63 Real Madryt
99%
63/64 Real Madryt
99%
64/65 Real Madryt
99%
66/67 Real Madryt
99%
67/68 Real Madryt
99%
68/69 Real Madryt
99%
71/72 Real Madryt
99%
74/75 Real Madryt
99%
75/76 Real Madryt
99%
77/78 Real Madryt
99%
78/79 Real Madryt
99%
79/80 Real Madryt
99%
85/86 Real Madryt
99%
86/87 Real Madryt
99%
87/88 Real Madryt
99%
88/89 Real Madryt
99%
89/90 Real Madryt
99%
94/95 Real Madryt
99%
96/97 Real Madryt
99%
00/01 Real Madryt
99%
02/03 Real Madryt
99%
06/07 Real Madryt
99%
07/08 Real Madryt
99%
11/12 Real Madryt
99%
16/17 Real Madryt
99%
19/20 Real Madryt
99%
21/22 Real Madryt
99%
49/50 Atletico Madryt
92%
50/51 Atletico Madryt
92%
65/66 Atletico Madryt
92%
69/70 Atletico Madryt
92%
72/73 Atletico Madryt
92%
76/77 Atletico Madryt
92%
95/96 Atletico Madryt
92%
13/14 Atletico Madryt
92%
20/21 Atletico Madryt
92%
39/40 Atletico Madryt (Athletic Aviacion)
92%
40/41 Atletico Madryt (Athletic Aviacion)
92%
29/30 Athletic Club
74%
30/31 Athletic Club
74%
33/34 Athletic Club
74%
35/36 Athletic Club
74%
42/43 Athletic Club
74%
55/56 Athletic Club
74%
82/83 Athletic Club
74%
83/84 Athletic Club
74%
41/42 Valencia CF
70%
43/44 Valencia CF
70%
46/47 Valencia CF
70%
70/71 Valencia CF
70%
01/02 Valencia CF
70%
03/04 Valencia CF
70%
45/46 Sevilla FC
67%
34/35 Real Betis
60%
80/81 Real Sociedad
54%
81/82 Real Sociedad
54%
99/00 Deportivo La Coruña
31%
Nie znaleziono quizów pasujących do podanych kryteriów
Rozkład punktacji
Procent ludzi z każdym wynikiem
Percentyl według liczby udzielonych odpowiedzi
Twoja historia wyników
Nie rozwiązałeś tego quizu od ostatniego zresetowania